Russia Ukraine Crisis: (Record no. 594523)
[ view plain ]
| 000 -LEADER | |
|---|---|
| fixed length control field | 00373nam a22001337a 4500 |
| 020 ## - INTERNATIONAL STANDARD BOOK NUMBER | |
| International Standard Book Number | 9789698535674 |
| 082 ## - DEWEY DECIMAL CLASSIFICATION NUMBER | |
| Classification number | 320 |
| Author Mark | KHA |
| 100 ## - MAIN ENTRY--PERSONAL NAME | |
| Personal name | Khan, Ashfaque Hasan |
| 245 ## - TITLE STATEMENT | |
| Title | Russia Ukraine Crisis: |
| Remainder of title | dawn of a new world order ? |
| Statement of responsibility, etc. | Ashfaque Hasan Khan |
| 260 ## - PUBLICATION, DISTRIBUTION, ETC. | |
| Place of publication, distribution, etc. | Islamabad : |
| Name of publisher, distributor, etc. | NUST Press, |
| Date of publication, distribution, etc. | 2023. |
| 300 ## - PHYSICAL DESCRIPTION | |
| Extent | 132 p. ; |
| Dimensions | 22 cm. |
| 563 ## - BINDING INFORMATION | |
| Binding note | HBK. |
| 942 ## - ADDED ENTRY ELEMENTS (KOHA) | |
| Source of classification or shelving scheme | |
| Koha item type | Book |
| Withdrawn status | Lost status | Source of classification or shelving scheme | Damaged status | Not for loan | Permanent Location | Current Location | Date acquired | Source of acquisition | Total Checkouts | Full call number | Barcode | Date last seen | Date last checked out | Price effective from | Koha item type |
|---|---|---|---|---|---|---|---|---|---|---|---|---|---|---|---|
| Central Library (CL) | Central Library (CL) | 04/17/2023 | Donated by Dr. Ashfaque Hasan Khan | 1 | 320 KHA | CL-D-2272 | 09/30/2025 | 09/23/2025 | 04/17/2023 | Book | |||||
| Central Library (CL) | Central Library (CL) | 04/17/2023 | Donated by Dr. Ashfaque Hasan Khan | 320 KHA | CL-D-2273 | 02/19/2026 | 04/17/2023 | Book |
